A review of the geology and coal resources of the Bering River coal field, Alaska. (Record no. 28608)

MARC details
000 -LEADER
fixed length control field 00816cam a22002531 4500
001 - CONTROL NUMBER
control field gs 52000035
003 - CONTROL NUMBER IDENTIFIER
control field DLC
005 - DATE AND TIME OF LATEST TRANSACTION
control field 20260227111358.0
008 - FIXED-LENGTH DATA ELEMENTS--GENERAL INFORMATION
fixed length control field 770317s1951 dcub b f00000 eng c
010 ## - LIBRARY OF CONGRESS CONTROL NUMBER
LC control number gs 52000035 //r892
040 ## - CATALOGING SOURCE
Original cataloging agency U.S. Geol. Survey. Libr.
Transcribing agency ak
Modifying agency DLC
043 ## - GEOGRAPHIC AREA CODE
Geographic area code n-us-ak
050 1# - LIBRARY OF CONGRESS CALL NUMBER
Classification number QE75
Item number .C5 no. 146
100 10 - MAIN ENTRY--PERSONAL NAME
Personal name Barnes, Farrell F.
Fuller form of name (Farrell Francis),
Dates associated with a name 1905-
245 02 - TITLE STATEMENT
Title A review of the geology and coal resources of the Bering River coal field, Alaska.
260 0# - PUBLICATION, DISTRIBUTION, ETC.
Place of publication, distribution, etc. [Washington]
Date of publication, distribution, etc. 1951.
300 ## - PHYSICAL DESCRIPTION
Extent 11 p.
Other physical details maps.
Dimensions 26 cm.
490 1# - SERIES STATEMENT
Series statement Geological Survey circular 146
500 ## - GENERAL NOTE
General note Cover title.
504 ## - BIBLIOGRAPHY, ETC. NOTE
Bibliography, etc. note "References cited": p. 11.
650 #0 - SUBJECT ADDED ENTRY--TOPICAL TERM
Topical term or geographic name entry element Geology
Geographic subdivision Alaska
-- Bering River.
650 #0 - SUBJECT ADDED ENTRY--TOPICAL TERM
Topical term or geographic name entry element Coal
Geographic subdivision Alaska
-- Bering River.
830 #0 - SERIES ADDED ENTRY--UNIFORM TITLE
Uniform title Geological Survey circular ;
Volume/sequential designation 146.

No items available.

Powered by Koha